Las hipotecas de mala calidad y la crisis financiera internacional (Registro nro. 17567)
[ vista simple ]
| 000 -LEADER | |
|---|---|
| fixed length control field | 00352 a2200109 4500 |
| 001 - CONTROL NUMBER | |
| control field | ART_2625 |
| 005 - DATE AND TIME OF LATEST TRANSACTION | |
| control field | 20260410161728.0 |
| 008 - FIXED-LENGTH DATA ELEMENTS--GENERAL INFORMATION | |
| fixed length control field | 260409a |
| 100 1# - MAIN ENTRY--PERSONAL NAME | |
| Personal name | Gastaldi, Santiago |
| 245 10 - TITLE STATEMENT | |
| Title | Las hipotecas de mala calidad y la crisis financiera internacional |
| 773 0# - HOST ITEM ENTRY | |
| Title | Ciencias económicas |
| Related parts | - Año 7, Vol. 1 (feb. 2010) |
| Record control number | REV2567 |
No hay ítems disponibles.